00237nam a2200085Ia 4500008004100000100001500041245004800056260003900104300000800143201216s9999 xx 000 0 und d aRao, T. V. 0aPerformance Appraisal : Theory and Practice aShahibabadbVani Educational Books a278